[Event "Tuesday 2"]
[Site "Montreal CAN"]
[Date "1982.03.16"]
[Round "1"]
[White "Zalys, Ignas"]
[Black "Richard, Daniel"]
[Result "1/2-1/2"]
[WhiteElo "1940"]
[BlackElo "1915"]
[PlyCount "109"]
[GameId "2160767912848666"]
[EventDate "1982.03.16"]
[EventType "tourn"]
[EventRounds "3"]
[EventCountry "CAN"]

1. e4 Nf6 2. e5 Nd5 3. d4 d6 4. Nf3 dxe5 5. Nxe5 g6 6. c4 Nb6 7. Nc3 Bg7 8. Be3 O-O 9. Be2 c5 10. O-O cxd4 11. Bxd4 Be6 12. b3 Bxe5 13. Bxe5 Nc6 14. Qxd8 Rfxd8 15. Bf4 Nd4 16. Rfd1 Rd7 17. Kf1 Rad8 18. Ne4 Nxe2 19. Rxd7 Nxd7 20. Kxe2 f6 21. Rd1 Rc8 22. Nc3 Nc5 23. Kf3 h5 24. h3 Bf5 25. g4 hxg4+ 26. hxg4 Bd7 27. Be3 Bc6+ 28. Kg3 b6 29. f3 Kf7 30. Bxc5 bxc5 31. Ne2 e5 32. Nc3 Ke6 33. Nd5 f5 34. gxf5+ gxf5 35. Nc3 Rg8+ 36. Kf2 Rh8 37. Kg2 Bxf3+ 38. Kxf3 Rh3+ 39. Ke2 Rxc3 40. Rd5 Rc2+ 41. Kd3 Rxa2 42. Rxc5 f4 43. Rc8 Kf5 44. Rf8+ Kg4 45. c5 Kf3 46. Re8 Ra3 47. Rxe5 Rxb3+ 48. Kc4 Re3 49. Kd4 Rb3 50. c6 Rb8 51. Ra5 Ra8 52. c7 Kg2 53. Rxa7 Rc8 54. Ke4 f3 55. Ra2+ 1/2-1/2

[Event "Tuesday 3"]
[Site "Montreal CAN"]
[Date "1982.06.15"]
[Round "1"]
[White "Leimanis, Andris"]
[Black "Zalys, Ignas"]
[Result "0-1"]
[WhiteElo "1782"]
[BlackElo "1963"]
[PlyCount "96"]
[GameId "2160767912848455"]
[EventDate "1982.06.15"]
[EventType "tourn"]
[EventRounds "3"]
[EventCountry "CAN"]

1. e4 c5 2. Nc3 Nc6 3. g3 g6 4. Bg2 Bg7 5. d3 e6 6. Be3 d6 7. Qd2 Nge7 8. Bh6 Bf6 9. Nh3 Nd4 10. O-O Nec6 11. f4 Qb6 12. Rab1 Bd7 13. Ng5 Be7 14. a3 f6 15. Nf3 Bf8 16. Bxf8 Rxf8 17. Kh1 a5 18. Nd1 Kf7 19. Ne3 Kg7 20. g4 Nxf3 21. Rxf3 Nd4 22. Rg3 Kh8 23. b3 Qc7 24. c3 Nc6 25. a4 Rac8 26. Nc4 Ne7 27. Na3 d5 28. c4 dxe4 29. dxe4 Rcd8 30. Qf2 g5 31. f5 exf5 32. exf5 Bc6 33. Nb5 Bxg2+ 34. Rxg2 Qc6 35. h3 Rd3 36. Kh2 Rfd8 37. Re1 Rf3 38. Qb2 Rdd3 39. Qe2 Rxh3+ 40. Kg1 Ng8 41. Rd1 Rde3 42. Qf2 Rxb3 43. Nd6 Rbd3 44. Rxd3 Rxd3 45. Nf7+ Kg7 46. Qe2 Qd7 47. Ne5 Qd4+ 48. Kh2 fxe5 0-1

[Event "Tuesday 3"]
[Site "Montreal CAN"]
[Date "1982.06.15"]
[Round "1"]
[White "Morin, Louis"]
[Black "Kafadarow, Nasco"]
[Result "0-1"]
[WhiteElo "1842"]
[BlackElo "1900"]
[PlyCount "52"]
[GameId "2160767912848456"]
[EventDate "1982.06.15"]
[EventType "tourn"]
[EventRounds "3"]
[EventCountry "CAN"]
[SourceTitle "hb 2013"]

1. e4 d5 2. exd5 Nf6 3. Bb5+ Bd7 4. Bxd7+ Qxd7 5. c4 c6 6. dxc6 Nxc6 7. Nf3 e5 8. O-O Bc5 9. Qe2 Qf5 10. Nc3 O-O 11. Re1 Rad8 12. Ne4 Nxe4 13. Qxe4 Qxe4 14. Rxe4 f5 15. Re1 e4 16. Ng5 Rfe8 17. Nh3 Ne5 18. b3 Nd3 19. Re2 f4 20. Ng5 f3 21. Rxe4 Bxf2+ 22. Kf1 fxg2+ 23. Kxg2 Bd4 24. Rb1 h6 25. Ne6 Rxe6 26. Rxe6 Nf4+ 0-1

[Event "Tuesday 3"]
[Site "Montreal CAN"]
[Date "1982.06.22"]
[Round "2"]
[White "Morin, Louis"]
[Black "Leimanis, Andris"]
[Result "0-1"]
[WhiteElo "1842"]
[BlackElo "1782"]
[PlyCount "72"]
[GameId "2160767912848457"]
[EventDate "1982.06.15"]
[EventType "tourn"]
[EventRounds "3"]
[EventCountry "CAN"]
[SourceTitle "hb 2013"]

1. e4 c5 2. Nc3 Nc6 3. f4 d6 4. h3 g6 5. Nf3 Bg7 6. Bc4 a6 7. a4 Qa5 8. Ra3 Nf6 9. O-O Qb4 10. d3 Na5 11. Ba2 e6 12. f5 exf5 13. exf5 Bxf5 14. Qe1+ Kd7 15. Bxf7 Raf8 16. Ng5 Qd4+ 17. Be3 Qe5 18. Nd1 Nc6 19. Rb3 Kc8 20. Rb6 Nd7 21. Rxc6+ bxc6 22. Bc4 d5 23. Bxa6+ Kd8 24. Qa5+ Qc7 25. Qd2 h6 26. Rxf5 hxg5 27. Bxg5+ Bf6 28. Bf4 Qb6 29. Rxf6 Nxf6 30. Bc4 dxc4 31. dxc4+ Ke8 32. Qd6 Rh7 33. Bg5 Qd8 34. Qxc6+ Qd7 35. Qf3 Qd4+ 36. Ne3 Ne4 0-1

[Event "Tuesday 3"]
[Site "Montreal CAN"]
[Date "1982.06.22"]
[Round "2"]
[White "Zalys, Ignas"]
[Black "Kafadarow, Nasco"]
[Result "0-1"]
[WhiteElo "1963"]
[BlackElo "1900"]
[PlyCount "84"]
[GameId "2160767912848458"]
[EventDate "1982.06.15"]
[EventType "tourn"]
[EventRounds "3"]
[EventCountry "CAN"]

1. d4 d5 2. Nc3 Nf6 3. Bg5 e6 4. e4 dxe4 5. Nxe4 Be7 6. Nxf6+ Bxf6 7. h4 Qxd4 8. Qxd4 Bxd4 9. O-O-O Bf6 10. Bf4 c6 11. Nf3 Nd7 12. g4 Nb6 13. g5 Be7 14. c4 Bd7 15. Be2 O-O-O 16. Ne5 Be8 17. Rxd8+ Bxd8 18. h5 f6 19. Nf3 e5 20. Be3 Bf7 21. b3 Re8 22. g6 hxg6 23. hxg6 Bxg6 24. Rg1 Bh5 25. Rxg7 f5 26. a4 f4 27. Bc5 Nd7 28. Bxa7 c5 29. b4 e4 30. Ng1 f3 31. Bf1 Bf6 32. Rh7 Bg6 33. Rh1 Bd4 34. Nh3 Bf5 35. bxc5 Nxc5 36. Bxc5 Bxc5 37. Kb2 Rh8 38. Kc3 Kc7 39. a5 Kd6 40. Rg1 Bxh3 41. Rh1 Bxf1 42. Rxh8 Bxf2 0-1

[Event "Tuesday 3"]
[Site "Montreal CAN"]
[Date "1982.06.29"]
[Round "3"]
[White "Morin, Louis"]
[Black "Zalys, Ignas"]
[Result "0-1"]
[WhiteElo "1842"]
[BlackElo "1963"]
[PlyCount "160"]
[GameId "2160767912848459"]
[EventDate "1982.06.15"]
[EventType "tourn"]
[EventRounds "3"]
[EventCountry "CAN"]

1. e4 c5 2. Nf3 a6 3. d4 cxd4 4. c3 d3 5. c4 Nc6 6. Nc3 g6 7. Bxd3 Bg7 8. Be3 d6 9. Rc1 Nf6 10. h3 O-O 11. Qd2 Re8 12. O-O Bd7 13. Rfd1 Rc8 14. Bf1 Qa5 15. a3 Ne5 16. Nxe5 dxe5 17. c5 Bc6 18. b4 Qc7 19. f3 Nh5 20. Nd5 Qb8 21. g4 Nf6 22. Nxf6+ Bxf6 23. Qc2 Red8 24. a4 e6 25. Qb3 Be7 26. b5 axb5 27. Rxd8+ Rxd8 28. axb5 Be8 29. Qb1 Rc8 30. Qa1 Kg7 31. f4 f6 32. fxe5 Qxe5 33. Qxe5 fxe5 34. Be2 Bd7 35. g5 Kf7 36. Kf2 Ke8 37. h4 Kd8 38. Bf1 Kc7 39. Kg3 Ra8 40. Kf3 Ra3 41. c6 bxc6 42. bxc6 Bc8 43. Kf2 Ba6 44. Bxa6 Rxa6 45. Ke2 Rxc6 46. Kd3 Rxc1 47. Bxc1 Kc6 48. Bb2 Bc5 49. Bxe5 Bf2 50. Kc4 Bxh4 51. Bf4 e5 52. Bxe5 Bxg5 53. Kd4 Bc1 54. Kc4 g5 55. Bf6 g4 56. Kd3 Kd6 57. Bh4 Ke5 58. Bg3+ Bf4 59. Bh4 h5 60. Bd8 Bc1 61. Bh4 Bh6 62. Bg3+ Bf4 63. Bh4 Ke6 64. Kd4 Be5+ 65. Ke3 Bf6 66. Bg3 Bg5+ 67. Kf2 h4 68. Kg2 Bf6 69. e5 h3+ 70. Kh1 Bxe5 71. Bh4 Kf5 72. Be1 Ke4 73. Bh4 Kf3 74. Bf2 Bg3 75. Bc5 Ke2 76. Bb6 Kf3 77. Bd8 Bf2 78. Bc7 Be1 79. Bd6 Bd2 80. Be7 g3 0-1

[Event "Victoria Day op"]
[Site "Toronto CAN"]
[Date "1982.??.??"]
[Round "?"]
[White "Day, Lawrence"]
[Black "Morrison, Robert"]
[Result "1-0"]
[WhiteElo "2430"]
[BlackElo "2352"]
[PlyCount "73"]
[GameId "2160767912848558"]
[EventDate "1982.05.22"]
[EventType "swiss"]
[EventRounds "6"]
[EventCountry "CAN"]
[SourceTitle "EXT 2022"]
[Source "ChessBase"]
[SourceDate "2021.10.06"]
[SourceVersion "1"]
[SourceVersionDate "2021.10.06"]
[SourceQuality "1"]

1. d4 e6 2. Nf3 Nf6 3. c4 b6 4. e3 Bb7 5. Bd3 d5 6. b3 Bd6 7. O-O O-O 8. Nbd2 Ne4 9. Qc2 f5 10. Ne5 Nd7 11. f4 g5 12. cxd5 exd5 13. Nxd7 Qxd7 14. fxg5 Qg7 15. Nf3 h6 16. gxh6 Qxh6 17. Ne5 Rae8 18. Rf4 Kh7 19. g3 Re7 20. Bb2 Rg7 21. Bxe4 fxe4 22. Raf1 Rfg8 23. R1f2 Bc8 24. Qe2 Bh3 25. Rf7 Rxf7 26. Rxf7+ Rg7 27. Rf4 Be7 28. Kh1 Kh8 29. Qb5 Be6 30. Qe8+ Kh7 31. Ba3 Bd6 32. Rh4 Qxh4 33. gxh4 Bh3 34. Bxd6 cxd6 35. Qh5+ Kg8 36. Ng6 Bf1 37. Qxd5+ 1-0

[Event "Victoria Day op"]
[Site "Toronto CAN"]
[Date "1982.??.??"]
[Round "?"]
[White "Dougherty, Michael"]
[Black "Morrison, Robert"]
[Result "1/2-1/2"]
[WhiteElo "2194"]
[BlackElo "2352"]
[PlyCount "83"]
[GameId "2160767912848559"]
[EventDate "1982.05.22"]
[EventType "swiss"]
[EventRounds "6"]
[EventCountry "CAN"]
[SourceTitle "EXT 2022"]
[Source "ChessBase"]
[SourceDate "2021.10.06"]
[SourceVersion "1"]
[SourceVersionDate "2021.10.06"]
[SourceQuality "1"]

1. d4 Nf6 2. c4 d6 3. Nc3 Nbd7 4. Nf3 g6 5. Bg5 Bg7 6. e3 h6 7. Bh4 g5 8. Bg3 Nh5 9. Bd3 a6 10. Rc1 c5 11. Qe2 b6 12. d5 Ra7 13. a3 Ndf6 14. Nd2 e6 15. dxe6 Bxe6 16. Nde4 Rd7 17. Nxf6+ Nxf6 18. O-O O-O 19. Rfd1 Qe7 20. b4 cxb4 21. axb4 d5 22. c5 bxc5 23. bxc5 Qxc5 24. Bxa6 Qa5 25. Be5 Bg4 26. f3 Be6 27. Ra1 Qb4 28. Bb5 Rdd8 29. Ra4 Qe7 30. Bc6 Nh5 31. Bxg7 Nxg7 32. Bxd5 Nf5 33. g4 Nh4 34. Rad4 Rc8 35. Ne4 Qa7 36. Nf6+ Kg7 37. Nh5+ Kg8 38. Be4 Qa3 39. Rd6 Qb3 40. Rb1 Qa3 41. Qd2 Qc3 42. Qxc3 1/2-1/2

[Event "Victoria Day op"]
[Site "Toronto CAN"]
[Date "1982.05.??"]
[Round "?"]
[White "Dougherty, Michael"]
[Black "Nickoloff, Bryon"]
[Result "0-1"]
[WhiteElo "2194"]
[BlackElo "2397"]
[PlyCount "64"]
[GameId "2160767912848560"]
[EventDate "1982.05.22"]
[EventType "swiss"]
[EventRounds "6"]
[EventCountry "CAN"]
[SourceTitle "EXT 2022"]
[Source "ChessBase"]
[SourceDate "2021.10.06"]
[SourceVersion "1"]
[SourceVersionDate "2021.10.06"]
[SourceQuality "1"]

1. d4 Nf6 2. c4 c5 3. d5 e6 4. Nc3 exd5 5. cxd5 d6 6. e4 g6 7. Nf3 Bg7 8. Bg5 h6 9. Bh4 a6 10. Nd2 b5 11. Be2 O-O 12. Qc2 g5 13. Bg3 Qe7 14. O-O Nbd7 15. Rae1 Ne5 16. f4 gxf4 17. Bxf4 Bd7 18. a4 c4 19. b4 Rac8 20. a5 Rfe8 21. h3 Nh7 22. Rc1 Ng5 23. Bg3 Kh8 24. Nf3 Ngxf3+ 25. Bxf3 Nd3 26. Rb1 Rg8 27. Ne2 Rcf8 28. Qd2 f5 29. exf5 Bxf5 30. Kh2 Kh7 31. Rbd1 Bh8 32. Kh1 c3 0-1

[Event "Victoria Day op"]
[Site "Toronto CAN"]
[Date "1982.05.??"]
[Round "?"]
[White "Nickoloff, Bryon"]
[Black "Day, Lawrence"]
[Result "0-1"]
[WhiteElo "2327"]
[BlackElo "2419"]
[PlyCount "56"]
[GameId "2160767912848561"]
[EventDate "1982.05.22"]
[EventType "swiss"]
[EventRounds "6"]
[EventCountry "CAN"]
[SourceTitle "EXT 2022"]
[Source "ChessBase"]
[SourceDate "2021.10.06"]
[SourceVersion "1"]
[SourceVersionDate "2021.10.06"]
[SourceQuality "1"]

1. d4 Nf6 2. c4 e6 3. Nc3 Bb4 4. g3 O-O 5. Bg2 d5 6. Nf3 dxc4 7. O-O Nc6 8. Qa4 Bd7 9. Ne5 a5 10. Bxc6 Bxc6 11. Nxc6 bxc6 12. Qxc6 Bxc3 13. bxc3 Qd5 14. Qa4 Ne4 15. Ba3 Nxc3 16. Qc2 Nb5 17. Bxf8 Nxd4 18. Qd1 Rxf8 19. Rc1 g6 20. Re1 Rb8 21. Qa4 c3 22. Qd1 Rb2 23. Qd3 c2 24. h4 h5 25. Qc3 Rxa2 26. Qxc7 Qe4 27. Kh2 e5 28. Qc3 a4 0-1

[Event "Victoria Day op"]
[Site "Toronto CAN"]
[Date "1982.05.22"]
[Round "1"]
[White "Pacey, Kevin"]
[Black "Daku, Zoltan"]
[Result "0-1"]
[WhiteElo "2056"]
[BlackElo "1755"]
[PlyCount "100"]
[GameId "2160767912848562"]
[EventDate "1982.05.22"]
[EventType "swiss"]
[EventRounds "6"]
[EventCountry "CAN"]
[SourceTitle "EXT 2022"]
[Source "ChessBase"]
[SourceDate "2021.10.06"]
[SourceVersion "1"]
[SourceVersionDate "2021.10.06"]
[SourceQuality "1"]

1. e4 e5 2. Nf3 Nc6 3. Bb5 a6 4. Ba4 Nf6 5. O-O Be7 6. Qe2 b5 7. Bb3 O-O 8. c3 d6 9. d3 Bb7 10. Rd1 Nb8 11. Nbd2 Nbd7 12. Nf1 Nc5 13. Bc2 h6 14. Ng3 Bc8 15. d4 exd4 16. cxd4 Nb7 17. e5 Ne8 18. Qd3 f5 19. exf6 Nxf6 20. Nh5 Bg4 21. Nf4 Qd7 22. h3 Bxf3 23. Qxf3 d5 24. Ng6 Ne4 25. Nxf8 Rxf8 26. Qh5 Rf5 27. Qg4 h5 28. Qg6 Bh4 29. f3 Bf2+ 30. Kf1 Rf6 31. Bxe4 Rxg6 32. Bxg6 Bg3 33. Bd2 Qc6 34. Bd3 Qf6 35. Be3 Nd6 36. Rac1 Ne4 37. Kg1 Ng5 38. Rc2 Nxh3+ 39. gxh3 Qxf3 40. Re2 Bd6 41. Bg5 Qxh3 42. Rg2 Bh2+ 43. Kf2 h4 44. Rd2 Bg3+ 45. Kg1 Qg4 46. Be3 h3 47. Rge2 Be1+ 48. Kh2 Qg3+ 49. Kh1 Qf3+ 50. Kh2 Bxd2 0-1

[Event "Victoria Day op"]
[Site "Toronto CAN"]
[Date "1982.05.22"]
[Round "2"]
[White "Basque, Roland"]
[Black "Pacey, Kevin"]
[Result "0-1"]
[WhiteElo "1816"]
[BlackElo "2056"]
[PlyCount "34"]
[GameId "2160767912848563"]
[EventDate "1982.05.22"]
[EventType "swiss"]
[EventRounds "6"]
[EventCountry "CAN"]
[SourceTitle "EXT 2022"]
[Source "ChessBase"]
[SourceDate "2021.10.06"]
[SourceVersion "1"]
[SourceVersionDate "2021.10.06"]
[SourceQuality "1"]

1. e4 e6 2. d4 d5 3. Nd2 Nf6 4. e5 Nfd7 5. Ngf3 c5 6. c3 Nc6 7. Bd3 Qb6 8. O-O cxd4 9. c4 Ncxe5 10. Bb1 dxc4 11. Re1 Bd6 12. a3 d3 13. Re4 Qc5 14. Nd4 Nf6 15. Rh4 Ng6 16. b4 Qd5 17. Nxe6 Nxh4 0-1

[Event "Victoria Day op"]
[Site "Toronto CAN"]
[Date "1982.05.23"]
[Round "3"]
[White "Pacey, Kevin"]
[Black "Webb, Robert"]
[Result "1-0"]
[WhiteElo "2056"]
[BlackElo "1851"]
[PlyCount "33"]
[GameId "2160767912848564"]
[EventDate "1982.05.22"]
[EventType "swiss"]
[EventRounds "6"]
[EventCountry "CAN"]
[SourceTitle "EXT 2022"]
[Source "ChessBase"]
[SourceDate "2021.10.06"]
[SourceVersion "1"]
[SourceVersionDate "2021.10.06"]
[SourceQuality "1"]

1. e4 d6 2. d4 Nf6 3. Nc3 g6 4. Nf3 Bg7 5. Be2 O-O 6. O-O Nc6 7. Re1 e5 8. dxe5 Nxe5 9. Nxe5 dxe5 10. Be3 c6 11. Bc5 Re8 12. Qxd8 Rxd8 13. Rad1 Rd7 14. Rxd7 Bxd7 15. Rd1 Bf8 16. Be3 b6 17. Bg5 1-0

[Event "Victoria Day op"]
[Site "Toronto CAN"]
[Date "1982.05.23"]
[Round "4"]
[White "Maisonneuve, Jude"]
[Black "Pacey, Kevin"]
[Result "1/2-1/2"]
[WhiteElo "1762"]
[BlackElo "2056"]
[PlyCount "62"]
[GameId "2160767912848565"]
[EventDate "1982.05.22"]
[EventType "swiss"]
[EventRounds "6"]
[EventCountry "CAN"]
[SourceTitle "EXT 2022"]
[Source "ChessBase"]
[SourceDate "2021.10.06"]
[SourceVersion "1"]
[SourceVersionDate "2021.10.06"]
[SourceQuality "1"]

1. e4 e6 2. d4 d5 3. Nc3 Bb4 4. e5 c5 5. a3 Bxc3+ 6. bxc3 Ne7 7. Nf3 Bd7 8. a4 Nbc6 9. Be2 Qa5 10. O-O f6 11. Re1 O-O-O 12. Bf1 c4 13. Bd2 Rdf8 14. g3 f5 15. h4 Nd8 16. Qc1 Nf7 17. Qa3 Nc6 18. Reb1 h6 19. Rb5 Qc7 20. Bg2 Ncd8 21. Rbb1 Bc6 22. Qc1 Rhg8 23. h5 Nh8 24. Qd1 Be8 25. Nh4 Qf7 26. Bf3 g5 27. hxg6 Nxg6 28. Nxg6 Qxg6 29. Bf4 Nf7 30. Bh5 Qg7 31. Bxf7 Bxf7 1/2-1/2

[Event "Victoria Day op"]
[Site "Toronto CAN"]
[Date "1982.05.24"]
[Round "5"]
[White "Pacey, Kevin"]
[Black "Ross, Paul"]
[Result "1/2-1/2"]
[WhiteElo "2056"]
[BlackElo "1987"]
[PlyCount "43"]
[GameId "2160767912848566"]
[EventDate "1982.05.22"]
[EventType "swiss"]
[EventRounds "6"]
[EventCountry "CAN"]
[SourceTitle "EXT 2022"]
[Source "ChessBase"]
[SourceDate "2021.10.06"]
[SourceVersion "1"]
[SourceVersionDate "2021.10.06"]
[SourceQuality "1"]

1. e4 d6 2. d4 g6 3. Nc3 Bg7 4. g3 Nc6 5. Be3 e5 6. dxe5 Nxe5 7. f4 Bg4 8. Be2 Nc4 9. Bc1 Bxe2 10. Qxe2 Bxc3+ 11. bxc3 b5 12. Nf3 Ne7 13. Nd2 d5 14. Nxc4 bxc4 15. O-O O-O 16. exd5 Qxd5 17. Ba3 Nf5 18. Bxf8 Rxf8 19. Rfe1 Nd6 20. Qe5 Qc6 21. Qd4 a6 22. Re2 1/2-1/2

[Event "Victoria Day op"]
[Site "Toronto CAN"]
[Date "1982.05.24"]
[Round "6"]
[White "Findlay, Ian"]
[Black "Nickoloff, Bryon"]
[Result "1-0"]
[WhiteElo "2203"]
[BlackElo "2327"]
[PlyCount "51"]
[GameId "2160767912848567"]
[EventDate "1982.05.22"]
[EventType "swiss"]
[EventRounds "6"]
[EventCountry "CAN"]
[SourceTitle "EXT 2022"]
[Source "ChessBase"]
[SourceDate "2021.10.06"]
[SourceVersion "1"]
[SourceVersionDate "2021.10.06"]
[SourceQuality "1"]

1. e4 c5 2. Nf3 d6 3. d4 cxd4 4. Nxd4 Nf6 5. Nc3 a6 6. Bg5 e6 7. Qd2 Be7 8. f4 h6 9. Bh4 e5 10. Nf5 Bxf5 11. exf5 Nbd7 12. O-O-O Qc7 13. g4 exf4 14. Bg2 Kf8 15. Rhf1 Rc8 16. Rxf4 d5 17. Bxd5 Bd6 18. Rc4 Nc5 19. Bxb7 Nfe4 20. Nxe4 Bf4 21. Rxc5 Bxd2+ 22. Rxd2 Qxb7 23. Rxc8+ Qxc8 24. Rd8+ Qxd8 25. Bxd8 Ke8 26. Ba5 1-0

[Event "Victoria Day op"]
[Site "Toronto CAN"]
[Date "1982.05.24"]
[Round "6"]
[White "Smith"]
[Black "Pacey, Kevin"]
[Result "1-0"]
[WhiteElo "1940"]
[BlackElo "2056"]
[PlyCount "45"]
[GameId "2160767912848568"]
[EventDate "1982.05.22"]
[EventType "swiss"]
[EventRounds "6"]
[EventCountry "CAN"]
[SourceTitle "EXT 2022"]
[Source "ChessBase"]
[SourceDate "2021.10.06"]
[SourceVersion "1"]
[SourceVersionDate "2021.10.06"]
[SourceQuality "1"]

1. e4 e6 2. d3 d5 3. Nd2 c5 4. g3 Nc6 5. Bg2 Nf6 6. Ngf3 Be7 7. O-O O-O 8. Re1 b5 9. e5 Nd7 10. Nf1 a5 11. h4 b4 12. Bf4 Rb8 13. N1h2 a4 14. Ng5 a3 15. b3 Nd4 16. Rc1 Nb5 17. Qh5 Bxg5 18. hxg5 Nc3 19. Ng4 Nxa2 20. Nf6+ gxf6 21. exf6 Kh8 22. Bxb8 Nxb8 23. Re4 1-0

[Event "Winter Knights"]
[Site "Calgary CAN"]
[Date "1982.12.??"]
[Round "?"]
[White "Badii, Maziar"]
[Black "Dodginghorse, Duane"]
[Result "1-0"]
[WhiteElo "1660"]
[BlackElo "1609"]
[PlyCount "41"]
[GameId "2160767912811178"]
[EventDate "1982.12.??"]
[EventType "swiss"]
[EventRounds "6"]
[EventCountry "CAN"]
[SourceTitle "CFC 1983.01"]

1. d4 e6 2. e3 Nf6 3. Bd3 d5 4. b3 Be7 5. Ba3 O-O 6. f4 Re8 7. Nf3 Bxa3 8. Nxa3 c5 9. O-O cxd4 10. exd4 Qd6 11. Nb5 Qxf4 12. Ne5 Qe3+ 13. Kh1 Re7 14. Rxf6 gxf6 15. Qh5 h6 16. Nxf7 Rxf7 17. Nd6 Re7 18. Qg6+ Kf8 19. Qxf6+ Kg8 20. Qg6+ Kf8 21. Rf1+ 1-0

[Event "Winter op"]
[Site "Toronto CAN"]
[Date "1982.01.??"]
[Round "?"]
[White "Klarner, William"]
[Black "Hartman, Brian"]
[Result "0-1"]
[WhiteElo "2071"]
[BlackElo "2178"]
[PlyCount "86"]
[GameId "2160767912848900"]
[EventDate "1982.01.??"]
[EventType "swiss"]
[EventRounds "5"]
[EventCountry "CAN"]
[SourceTitle "CFC 1982.05"]

1. d4 d5 2. c4 e6 3. Nc3 c5 4. e3 Nc6 5. Nf3 Nf6 6. a3 Bd6 7. Bd3 O-O 8. O-O a6 9. cxd5 exd5 10. dxc5 Bxc5 11. b4 Ba7 12. Bb2 Bg4 13. h3 Bh5 14. Be2 Qd6 15. Rc1 Rad8 16. Re1 Bb8 17. g3 Rfe8 18. Nd4 Bg6 19. Bf3 Ne5 20. Be2 h5 21. Bf1 b5 22. Ra1 Nc4 23. Bc1 h4 24. Nce2 Ne4 25. f4 hxg3 26. Qb3 Qf6 27. Ra2 Bh5 28. Bg2 Ba7 29. Bxe4 Rxe4 30. Nxg3 Bxd4 31. Nxe4 dxe4 32. exd4 Qxd4+ 33. Be3 Qf6 34. Qc2 Rd3 35. Qf2 Qc3 36. Rc1 Qb3 37. Rxc4 bxc4 38. Rb2 Qd1+ 39. Kh2 c3 40. Ra2 Qb1 41. Bc5 e3 42. Bxe3 Rxe3 43. Qxe3 Qxa2+ 0-1